Quizzes
Events
Quiz Creation
Community
Videos
Private Events
Remove Ads
Sign In
Join for FREE
Feedback
Dark Mode
Quiz Categories
Sports
Geography
Music
Movies
Television
Just For Fun
Miscellaneous
History
Literature
Language
Science
Gaming
Entertainment
Religion
Holiday
For Kids
Quiz Lab
Recent
Popular Today
Quiz Kudos Today
Editor Picks
Curator Picks
Quizzes by...
Day
Popularity
Type
Ratings
Length
Year
Community
Subscriptions
Recent Discussions
Orange Saloon
Badges
Playlists
Quests
Create
Leaderboards
Showdown
Live 5
Trivia Bingo
Activity
Puzzle Library
Sporcle Events
Private Events
Virtual Trivia
Globe League
Become a Host
Pub Owners
SporcleCon
Opinionation
Our Games
Videos
Blog
Mobile Apps
Partnerships
Remove Ads and Go Orange
Feedback
Television
TV Characters
TV Show
Sitcom
Network
Friends
Reality Shows
Cast
South Park
Star Trek
The Simpsons
Doctor Who
Television
TV Characters
TV Show
Sitcom
Network
Friends
Reality Shows
Cast
South Park
Star Trek
The Simpsons
Doctor Who
Random Quiz
Search Sporcle
×
Quiz Lab
Quiz Lab
Television
Quote
Type in answers that appear in a list
Type in answers that appear in a list
Classic
Best Score? Go Orange.
Who said it? Homer Simpson or Peter Griffin Stats
Can you guess whether it was Homer Simpson or Peter Griffin that said each line?
By
fanner
90s
15 Questions
191 Plays
191 Plays
191 Plays
Comments
Comments
Give Quiz Kudos
Give Quiz Kudos
-
- Ratings
hide this ad
Forced Order
Answers have to be entered in order
Answers have to be entered in order
Wrong Answers
Some wrong answers will appear in red
Some wrong answers will appear in red
Replay
Link that replays current quiz
Next Quiz
Link to next quiz in quiz playlist
You Got
0%
They Got
Avg Score
67%
Avg Friend Score
Upgrade to see
Score Distribution
Jump to the score distribution portion of the page
Score
0/15
Timer
01:30
0
Plays Today
Hint
Answer
% Correct
To alcohol! The cause of -
and solution to -
all of life's problems!
???
91.1%
Woah, woah, woah, woah, woah, woah, woah, woah, woah, woah, woah, woah... _
_
_
_
, this is not my Batman glass.
???
89%
Are you gonna eat that stapler?
???
85.3%
If I’m a child that means you’re a pedophile, and I’ll be damned if i’m going stand here and take this from a pervert.
???
84.3%
Kids, you tried your best and you failed miserably. The lesson is, never try.
???
83.2%
I have feelings too -
like 'My stomach hurts' or 'I'm going crazy
???
75.4%
Pffft, English. Who needs that? I'm never going to England.
???
74.9%
Math. Math my dear boy is nothing more than the lesbian sister of biology.
???
70.2%
Hint
Answer
% Correct
Bingo! I love that game, but I can't remember what to say when you win.
???
58.1%
With $10,000, we'd be millionaires! We could buy all kinds of useful things like... love!
???
57.6%
Excuse me, is your refrigerator running? Because if it is, it probably runs like you -
very homosexually.
???
56.5%
You wanna know what's really amazing? I haven't brushed my teeth in 3 days, and no one has said a thing!
???
56%
I like my beer cold, my TV loud, and my homosexuals flaming.
???
49.2%
I had such a crush on her until I met you. You're my silver medal.
???
42.4%
If you really want something in this life, you have to work for it. Now, quiet, they're about to announce the lottery numbers!
???
39.8%
Quiz Playlist
Details
Report
Send in Message
Add To Playlist
Classic:
Type in answers that appear in a list
Forced Order:
Answers have to be entered in order
Wrong Answers:
Some wrong answers will appear in red
Last Updated: Feb 16, 2017
Quiz Scoreboard
CHALLENGE
Sign Up to Join the Scoreboard
Show All
Scores
Hide
Comments
May contain spoilers
Recently Published
An Introduction to Baseball
by treessimontrees
Sports
5m
Movies - When Are They Set?
by FPL_Elf
Movies
5m
Popular People in 1961
by mucciniale
History
6m
More to Explore
Quiz From the Vault
Featured Blog Post
Where Did the Easter Bunny Come From?
hide this ad
You Might Also Like...
Tags
Quote Quiz
Funny
Homer
Homer Simpson
Peter
Peter Griffin
Television Stars
Today's Top Quizzes in Television
Browse Television
hide this ad
Today's Top Quizzes in Quote
Browse Quote
Top Contributed Quizzes in Television
1
One Piece Logic Puzzle
2
Survivor Logic Puzzle: Heroes vs. Villains
3
Survivor Seasons
4
Survivor Season by Logo
5
5-to-1: The Simpsons Families
6
Survivor Trivia
7
One Thing in Common: Television
8
Who Wants to Be a Millionaire?
9
Survivor Logic Puzzle: Winners at War
10
Ultimate Survivor Logic Puzzle
Explore More
Trending Topics
NBA
Anime
Harry Potter
Kpop
Marvel
Crossword
Disney
The Office
Pokémon
Song
Country
NFL
Soccer
Puzzle
WWE
hide this ad
More By:
fanner
Quiz
Plays
Rating
Category
Featured
Created
Character Actor Name Mashup
1,862
3.20
Movies
Oct 25, 2013
Final Destination Deaths
893
2.50
Movies
Oct 26, 2013
Movies that say their title
433
4.13
Movies
Oct 25, 2013
Upside down alphabet
319
2.60
Just For Fun
Nov 1, 2013
Who said it? Homer Simpson or Peter Griffin
191
3.67
Television
Oct 31, 2013
Go to Creator's Profile
Score Distribution
Quiz Creator Spotlight
fanner
Follow
Send a Message
Quizzes Created
-
Created Quiz Play Count
-
More By This Creator
Popular Quizzes Today
1
Find the Countries of Europe - No Outlines Minefield
2
Find the US States - No Outlines Minefield
3
The Countries of the World
4
Popular People in 1961
5
US States
6
1-10 Letter E Words III
7
Find the US States
8
Risky Map Clicking: Biggest States A-Z
More Television Quizzes
TV Shows Meeting in the Middle
Quiz Lab
Trending Quizzes
Risky Map Clicking: Least Populous States A-Z
1-10 Letter F Words
1-10 Letter G Words
One Thing in Common: United Kingdom
Risky Map Clicking: Next State Alphabetically
Recently Updated
Leaping Animals
pecheneg
Reality TV Shows (A-Z)
bhenderson79
Rickey Henderson's Hall of Fame Teammates
pecheneg
Champions League XIs: Arsenal
pecheneg
Quick Pick: Celebrities in WWE's Hall of Fame
aduchscher
A-Z Keypad Blitz II
pecheneg
Multiple Oscar Actors
pecheneg
Mystery Phrase Blitz: Oscar 'Best Actors'
pecheneg
F. Scott Fitzgerald Novels
LTH
Pick 3 Villains
ddd62291
Trending Topics
NBA
Disney
Marvel
Kpop
Crossword
Anime
Harry Potter
The Office
Puzzle
Pokémon
Soccer
WWE
NFL
Song
Country
Your Account Isn't Verified!
In order to create a playlist on Sporcle, you need to verify the email address you used during registration. Go to your
Sporcle Settings
to finish the process.
Report this User
Report this user for behavior that violates our
Community Guidelines
.
Details:
Send Report
Go to the Sporcle.com Mobile Site →
Comments